Povídky ke kávě XI.

Saved in:
Bibliographic Details
Main Author Hrabáková, Hana
Format Electronic eBook
LanguageCzech
Published Machart 2025
Edition1. elektronické vydání
Subjects
Online AccessDostupné v BOOKPORT po přihlášení pomocí eduID
ISBN978-80-7656-141-0
978-80-7656-140-3
978-80-7656-138-0
Physical Description1 online zdroj (80 stran)

Cover

LEADER 00000nam a2200000 i 4500
001 bkp724581348
003 CZ-prgp
005 20260205135742.0
006 m o d
007 cr cn
008 260205s2025 xr o 000 1 cze
020 |a 978-80-7656-141-0  |c 99 Kč  |q (online ; pdf) 
020 |a 978-80-7656-140-3  |c 99 Kč  |q (online ; epub) 
020 |a 978-80-7656-138-0  |c 169 Kč  |q (print) 
040 |a Grada  |b cze  |e rda 
100 1 |a Hrabáková, Hana 
245 1 0 |a Povídky ke kávě XI.  |c Hana Hrabáková 
250 |a 1. elektronické vydání 
264 1 |b Machart  |c 2025 
300 |a 1 online zdroj (80 stran) 
336 |a text  |b txt  |2 rdacontent 
337 |a počítač  |b c  |2 rdamedia 
338 |a online zdroj  |b cr  |2 rdacarrier 
520 3 |a Hana Hrabáková v předchozích letech úspěšně publikovala již deset dílů cyklu "Povídky ke kávě" a letos přichází s další částí této povídkové série. Autorka oslovuje čtenáře uceleným souborem humorných textů doslova "ze života". Podtitul aktuální povídkové knihy "Jak přežít sladké nástrahy života" napovídá, okolo čeho se bude děj jednotlivých příběhů točit. Společně si uvědomíme, jak silným pokušením pro dámy zralého věku mohou být sladkosti všeho druhu, jaké recepty ke zdolávání těchto pokušení existují a nebo: Jak je někdy snadnější se sladkým poklušením jednoduše poddat a užít si život plnými doušky... Nutno dodat, že i tentokrát hraje prim humor, nadsázka a často nelítostná ironie. Hana Hrabáková dobře ví, o čem píše vždyť jen dokonale literárně vypointovala to, co čtenářky a čtenáři sami prožili a prožívají. 
650 0 4 |a Humor, satira 
856 4 0 |u https://www.bookport.cz/AccountSaml/SignIn/?idp=https://shibboleth.utb.cz/idp/shibboleth&returnUrl=/kniha/povidky-ke-kave-xi-15717/  |y Dostupné v BOOKPORT po přihlášení pomocí eduID